| 000 | 00507nam a2200157 a 4500 | ||
|---|---|---|---|
| 001 | 000031391 | ||
| 005 | 20200930062910.0 | ||
| 008 | 110620s1954 dr ac 000 | spa d | ||
| 040 |
_aDO-SdBNP _bspa _cBNPHU |
||
| 082 |
_axxx _bP349r |
||
| 100 | 1 |
_aPeña Roulet, Rafael de _957809 |
|
| 245 | 1 | 0 |
_aRaíz y esencia del partido dominicano / _cRafael de Peña Roulet. |
| 260 |
_aCiudad Trujillo, República Dominicana : _bImpresora Dominicana, _c1954. |
||
| 300 |
_a32 p. : _bil., retrs. ; _c21 cm. |
||
| 049 | _aBNPD | ||
| 999 |
_c30883 _d30883 |
||